000
00266nam a22001217a 4500
008
181015b xxu||||| |||| 00| 0 eng d
041
_a
eng
080
_a
371
100
_a
25
101
_a
EDU
245
_a
Critical Survey of Poetry
_c
Magill,F.N
942
_2
udc
_c
BK
999
_c
49630
_d
49630